01019ntm a22002297a 450000500170000000800410001704000280005808200170008610000310010324502090013426000100034330000240035350001840037759000100056165000400057165300230061165500090063470000240064394200080066799900170067595200970069220170813095154.0170802s2011 xx a frb 000 0 eng d aEG-ScBUEbengcEG-ScBUE04222a624bNAG1 aEl Nagdy, Mohamed Mahmoud.10aHuman resource challenges in construction :ban investigation into the challenges facing human resource management in the Egyptian construction and the management of diversity /cMohamed Mahmoud El Nagdy. c2011. av, 60 p. ; c28 cm. aA dissertation Submitted To The Faculty of Engineering, The British University in Egypt , in Partial fulfillment of the requirements for the Bachelor degree in Civil Engineering  anaira 72BUEshvProjectsxCivil engineering. bENGCIVcAugust2017 vSPRO1 aOthman, Ayman.cths 2ddc c25189d25161 00102ddc4070aMAINbMAINc1STd2017-08-07l0o624 GDYp000046307r2025-07-15 00:00:00yBB